|
|
|
|
| LEADER |
00000nam0a2200000 4500 |
| 001 |
10295 |
| 005 |
20231101204716.0 |
| 010 |
|
|
|a 5807100077
|
| 035 |
|
|
|a (RuTPU)RU\TPU\book\10356
|
| 035 |
|
|
|a BOOK00010420
|
| 090 |
|
|
|a 10295
|
| 100 |
|
|
|a 20011209d1998 km y0rusy50 ca
|
| 101 |
1 |
|
|a rus
|c eng
|
| 102 |
|
|
|a RU
|
| 105 |
|
|
|a y z 000zy
|
| 200 |
1 |
|
|a История современной психологии
|e пер. с англ.
|f Д. П. Шульц, С. Э. Шульц
|
| 210 |
|
|
|a Санкт-Петербург
|c Евразия
|d 1998
|
| 215 |
|
|
|a 528 с.
|
| 225 |
1 |
|
|a Первое русское издание
|
| 606 |
|
|
|a Психология
|x История
|2 stltpush
|3 (RuTPU)RU\TPU\subj\53125
|9 71475
|
| 610 |
1 |
|
|a история
|
| 610 |
1 |
|
|a 19 век
|
| 610 |
1 |
|
|a 20 век
|
| 610 |
1 |
|
|a психологические школы
|
| 686 |
|
|
|a Ю91
|v LBC/SL-A
|2 rubbk
|
| 700 |
|
1 |
|a Шульц
|b Д. П.
|g Дуан П
|
| 701 |
|
1 |
|a Шульц
|b С. Э.
|g Сидни Элен
|
| 801 |
|
0 |
|a RU
|b 63413507
|c 20011209
|g PSBO
|
| 801 |
|
2 |
|a RU
|b 63413507
|c 20191121
|g PSBO
|
| 942 |
|
|
|c BK
|